Normal view
MARC view
Entry Topical Term
001 - CONTROL NUMBER
- control field: 6305
003 - CONTROL NUMBER IDENTIFIER
- control field: OSt
005 - DATE AND TIME OF LATEST TRANSACTION
- control field: 20151125171224.0
008 - FIXED-LENGTH DATA ELEMENTS
- fixed length control field: 151125|| aca||aabn | a|a d
040 ## - CATALOGING SOURCE
- Original cataloging agency: OSt
- Transcribing agency: OSt
150 ## - HEADING--TOPICAL TERM
- Topical term or geographic name entry element: Abstract data types (Computer science)
670 ## - SOURCE DATA FOUND
- Source citation: Work cat.: (OSt)2685: Carrano, Frank M. 5615, Data abstraction & problem solving with C++ :, 2007.
